书目信息 |
| 题名: |
计划经济学
|
|
| 作者: | 冯立天 , 陈维满 , 安合祥 主编 | |
| 分册: | ||
| 出版信息: | 北京 中国财政经济出版社 1985 |
|
| 页数: | 581页 | |
| 开本: | 20cm | |
| 丛书名: | ||
| 单 册: | ||
| 中图分类: | F210 | |
| 科图分类: | ||
| 主题词: | 计划经济学 | |
| 电子资源: | ||
| ISBN: | ||
| 000 | 00702nam0 2200265 45 | |
| 001 | 0185002487 | |
| 005 | 20040425110726.6 | |
| 010 | @dCNY4.10 | |
| 091 | @a4166.5166 | |
| 100 | @a19900816d1985 em y0chiy0121 ea | |
| 101 | 0 | @achi |
| 102 | @aCN@b110000 | |
| 105 | @ay z 000yy | |
| 106 | @ar | |
| 200 | 10 | @a计划经济学@Aji hua jing ji xue@f冯立天等主编 |
| 210 | @a北京@c中国财政经济出版社@d1985 | |
| 215 | @a581页@d20cm | |
| 606 | @a计划经济学 | |
| 690 | @aF210@v3 | |
| 701 | 0 | @a冯立天@Afeng li tian@4主编 |
| 701 | 0 | @a陈维满@Achen wei man@4主编 |
| 701 | 0 | @a安合祥@Aan he xiang@4主编 |
| 801 | 0 | @aCN@b深圳图书馆@c20040425 |
| 801 | 2 | @aCN@bNLC@c20040425 |
| 905 | @f1@b211821@dF210@e30 | |
| 计划经济学/冯立天等主编.-北京:中国财政经济出版社,1985 |
| 581页;20cm |
| ISBN :CNY4.10 |
| ● |
| 相关链接 |
|
|
|
|
正题名:计划经济学
索取号:F210/30
 
预约/预借
| 序号 | 登录号 | 条形码 | 馆藏地/架位号 | 状态 | 备注 |
| 1 | 0211821 | 000204139 | 密集书库/ [索取号:F210/30] | 在馆 | |
| 2 | 0211822 | 000204102 | 第一样本阅览室/ [索取号:F210/30] | 在馆 |